Nová sloboda v globálnej ekonomike
Sloboda a nová sloboda v globálnej ekonomike. Hranice slobody a sloboda hraníc a limitov.
Guardado en:
| Autor principal: | |
|---|---|
| Formato: | Capítulo de libro |
| Lenguaje: | eslovaco |
| Materias: | |
| Etiquetas: |
Sin Etiquetas, Sea el primero en etiquetar este registro!
|
MARC
| LEADER | 00000naa a2200000 4500 | ||
|---|---|---|---|
| 001 | 0201993 | ||
| 005 | 20231204132309.6 | ||
| 041 | 0 | |a slo | |
| 044 | |a SK | ||
| 245 | 1 | 0 | |a Nová sloboda v globálnej ekonomike |c Eva Svitačová |
| 520 | |a Sloboda a nová sloboda v globálnej ekonomike. Hranice slobody a sloboda hraníc a limitov. | ||
| 610 | 2 | 0 | |a sloboda |
| 610 | 2 | 0 | |a sloboda ekonomická |
| 610 | 2 | 0 | |a neoliberalizmus |
| 610 | 2 | 0 | |a globalizácia |
| 610 | 2 | 0 | |a ekonomika znalostná |
| 610 | 2 | 0 | |a kapitál |
| 610 | 2 | 0 | |a obchod medzinárodný |
| 100 | 1 | |a Svitačová, Eva | |